000 00266nam a22001217a 4500
008 181015b xxu||||| |||| 00| 0 eng d
041 _aeng
080 _22nd
_a781
100 _a45
101 _aMUZ
245 _aThe Enjoyment of Music
_cForney, K
942 _2udc
_cBK
999 _c49742
_d49742